Vnešnjaja torgovlja SSSR

Salvato in:
Dettagli Bibliografici
Natura: Periodico
Lingua:russo
Pubblicazione: Moskva Izvestija Sovetov narod. deputatov. SSSR 1988
Tags: Aggiungi Tag
Nessun Tag, puoi essere il primo ad aggiungerne!!

MARC

LEADER 00000nas2a2200000 4500
001 s030466
005 20250730114140.6
041 0 |a rus 
044 |a RU 
245 1 0 |a Vnešnjaja torgovlja SSSR 
264 1 |a Moskva  |b Izvestija Sovetov narod. deputatov. SSSR  |c 1988 
773 0 |w eu_un_cat*s120920